| 000 | 01057nam a22002537a 4500 | ||
|---|---|---|---|
| 999 |
_c1553 _d1553 |
||
| 003 | AR-CdUCM | ||
| 008 | 190227b ||||| |||| 00| 0 spa d | ||
| 040 |
_aMUNICIPALIDAD PROVINCIAL DEL CUSCO _cBIBLIOTECA MUNICIPAL DEL CUSCO |
||
| 082 |
_a340.7 / _bB82 |
||
| 100 |
_aBonesana, Cesare (Beccaria) _95829 |
||
| 245 |
_aDe los delitos y de las penas / _c Cesare Beccaria |
||
| 260 |
_aBuenos Aires : _bEdiciones Jurídicas Europa - América, _c1958. |
||
| 300 |
_a296 páginas : _c15.7 cm. |
||
| 440 |
_aBrevarios de Derecho _n : 16 _95830 |
||
| 505 | _aContenido: De los delitos y de las penas -- Origen de las penas y derecho a castigar -- Consecuencias -- Interpretación de las leyes - Oscuridad de las leyes -- De las capturas ... | ||
| 650 |
_aDerecho Penal. _95831 |
||
| 650 |
_aCódigo Procesal. _95832 |
||
| 650 |
_aDerecho General. _95833 |
||
| 700 |
_aSentis Melendo, Santiago _94360 |
||
| 700 |
_aAyerra Redin, Marino (Traductores) _95834 |
||
| 700 |
_aCalamandrei, Piero (Prefacio) _95835 |
||
| 942 |
_2ddc _cLIBROS |
||
| 945 |
_artm _d2019-02-27 |
||